00279cam a22000857a 4500008004000000100003500040245006400075260004500139300000900184180718b1958 xxu||||| |||| 00| 0 eng d aIndia. Rajya Sabha Secretariat aRajya Sabha debates, Vol. XXI, Nos. 11-16 (5 - 10 May 1958) aNew DelhibRajya Sabha Secretariatc1958 av.p.